000
00288nam a2200109Ia 4500
008
220204s9999 xx 000 0 und d
082
_a
301
_b
PAR
100
_a
Parsons, Talcott
245
0
_a
Action theory and the human coondition
260
_a
London
_b
Collier Macmillan
_c
1978
942
_c
BK
999
_c
33284
_d
33284